000 00850cab a2200205 4500
001 ABS42628
008 090401t1990 xxu||||| |||| 00| 0 eng d
035 _a(Sirsi) u37947
041 _aeng
100 _aPowell-Smith, V.
245 4 _aThe complexities of forfeiture
260 _c1990
350 _a0
490 _aContract Journal
_v355(5769) 10 May 1990, 7(1)
520 _aBriefly considers the problems which can arise on termination or forfeiture of a building contract , with particular reference to the decision Mvita Construction Co Ltd v Tanzania Harbours Authority (1990) 46 BLR 19.
650 _aBUILT ENVIRONMENT-BUILDING CONTRACT FORMS-STANDARD FORMS OF BUILDING CONTRACT-INTERNATIONAL FEDERATION OF CONSULTING ENGINEERS CONTRACTS
690 _aBUILT ENVIRONMENT-BUILDING CONTRACT FORMS
942 _n0
948 _c04/03/1997
999 _c24398
_d24398